000 00724nam a2200253Ia 4500
003 OSt
005 20221007100412.0
006 a|||||r|||| 00| 0
007 ta
008 221006b |||||||| |||| 00| 0 eng d
020 _a9024715253
024 _a4,358
037 _cTextual
040 _aLCO
_cLCO
_beng
041 _2eng
_aeng
082 _aZ1, L3
100 _aVierdag E.W.
_9701618
245 0 _aConcept of Discrimination in International Law with Special Reference to Human Rights
260 _aHague
_bMartinus Nijhoff Netherlands
_c1973
300 _a176
650 _aDISCRIMINATION IN INTERNATIONAL LAW
_9701619
942 _hZ1, L3
_cTEXL
999 _c1173921
_d1173921